<?xml version="1.0" encoding="UTF-8"?>
<marc:record xmlns:marc="http://www.loc.gov/MARC21/slim">
   <marc:leader>00000nam a2200000 a 4500</marc:leader>
   <marc:datafield ind1="1" ind2=" " tag="100">
      <marc:subfield code="a">Höfler, Heike</marc:subfield>
      <marc:subfield code="4">aut</marc:subfield>
      <marc:subfield code="e">Verfasser/-in</marc:subfield>
   </marc:datafield>
   <marc:datafield ind1=" " ind2=" " tag="653">
      <marc:subfield code="a">Gesundheit</marc:subfield>
   </marc:datafield>
   <marc:datafield ind1="0" ind2="0" tag="245">
      <marc:subfield code="a">Nacken &amp; Schultern entspannen</marc:subfield>
   </marc:datafield>
   <marc:datafield ind1="0" ind2="0" tag="245">
      <marc:subfield code="b">sanfte Übungen für lockere Stressmuskeln</marc:subfield>
   </marc:datafield>
   <marc:datafield ind1=" " ind2="1" tag="264">
      <marc:subfield code="b">Trias</marc:subfield>
      <marc:subfield code="c">2015</marc:subfield>
   </marc:datafield>
   <marc:datafield ind1="1" ind2=" " tag="520">
      <marc:subfield code="a">Sanfte Übungen für Nacken und Schultern. (NK) Heike Höfler, eine Sport- und Gymnastiklehrerin, teilt ihr Buch in einen theoretischen und einen praktischen Teil ein. Stress, Belastungen, Druck, hochkonzentriertes Arbeiten bauen im Körper Spannungen auf, die sich auf Muskeln und Organe übertragen. Oftmals vergessen wir, zwischendurch etwas zur Entspannung zu machen, und der Körper reagiert mit verhärteten und verkürzten Muskeln, die Schmerzen verursachen können. Die Schulter- und Nackenmuskeln sind meist zuerst betroffen und stören unser emotionales und körperliches Gleichgewicht. Mithilfe von acht Trainingsprogrammen - jedes Programm geht auf andere Muskelpartien ein und dauert nur wenige Minuten - können Übungen unkompliziert und locker durchgeführt werden. Man kann den Großteil der Übungen zu jeder Tageszeit in den Alltag einbauen und es werden keine zusätzlichen Trainingsgeräte benötigt. Viele Übungen sind mit fantasievollen, bildhaften Assoziationen dargestellt (z.B. ein Windhauch streicht an der Wirbelsäule hinab, sodass sich die Windrädchen-Schulterblätter nach unten-außen drehen; Schultern schmelzen zu Boden wie warme Schokolade) und ermöglichen dadurch Einsteigern, den Übungsverlauf kennenzulernen. Alle Übungen sind eher sanft, ruhig und auch in den Bewegungen minimalistisch, aber effektiv. Für Bibliotheken geeignet.</marc:subfield>
   </marc:datafield>
   <marc:datafield ind1=" " ind2=" " tag="020">
      <marc:subfield code="a">9783830482628</marc:subfield>
      <marc:subfield code="9">9783830482628</marc:subfield>
   </marc:datafield>
</marc:record>
